|
|
|
|
| LEADER |
00000cam a22000004a 4500 |
| 001 |
musev2_20147 |
| 003 |
MdBmJHUP |
| 005 |
20230905042145.0 |
| 006 |
m o d |
| 007 |
cr||||||||nn|n |
| 008 |
090123s2009 quc o 00 0 fre d |
| 020 |
|
|
|a 9782760523845
|
| 020 |
|
|
|z 9782760523838
|
| 035 |
|
|
|a (OCoLC)471124048
|
| 040 |
|
|
|a MdBmJHUP
|c MdBmJHUP
|
| 245 |
0 |
0 |
|a Repères pour l'éthique professionnelle des enseignants /
|c sous la direction de France Jutras et Christiane Gohier.
|
| 264 |
|
1 |
|a Quebec [Que.] :
|b Presses de l'Universite du Quebec,
|c 2009.
|
| 264 |
|
3 |
|a Baltimore, Md. :
|b Project MUSE,
|c 2013
|
| 264 |
|
4 |
|c ©2009.
|
| 300 |
|
|
|a 1 online resource (252 pages).
|
| 336 |
|
|
|a text
|b txt
|2 rdacontent
|
| 337 |
|
|
|a computer
|b c
|2 rdamedia
|
| 338 |
|
|
|a online resource
|b cr
|2 rdacarrier
|
| 490 |
0 |
|
|a Collection Éthique ;
|v 13
|
| 500 |
|
|
|a Chiefly papers presented at a conference organized by Reseau international de recherche en education et formation and held Oct. 9-10 2007 at l'Universite de Sherbrooke.
|
| 500 |
|
|
|a Textes presentes lors d'un symposium organise par le Reseau international de recherche en education et formation et tenu à l'Universite de Sherbrooke les 9 et 10 oct. 2007.
|
| 588 |
|
|
|a Description based on print version record.
|
| 650 |
|
7 |
|a EDUCATION / General
|2 bisacsh
|
| 650 |
|
7 |
|a Aspect moral.
|2 rasuqam
|
| 650 |
|
7 |
|a Éducation.
|2 rasuqam
|
| 650 |
|
7 |
|a Deontologie.
|2 rasuqam
|
| 650 |
|
7 |
|a Pratique professionnelle.
|2 rasuqam
|
| 650 |
|
7 |
|a Enseignant.
|2 rasuqam
|
| 650 |
|
7 |
|a Teaching
|x Practice.
|2 fast
|0 (OCoLC)fst01144605
|
| 650 |
|
7 |
|a Teachers
|x Professional ethics.
|2 fast
|0 (OCoLC)fst01144347
|
| 650 |
|
7 |
|a Education
|x Moral and ethical aspects.
|2 fast
|0 (OCoLC)fst00902706
|
| 650 |
|
7 |
|a BUSINESS & ECONOMICS
|x Business Ethics.
|2 bisacsh
|
| 650 |
|
6 |
|a Enseignement
|x Pratique
|v Congres.
|
| 650 |
|
6 |
|a Enseignants
|x Deontologie
|z Quebec (Province)
|v Congres.
|
| 650 |
|
6 |
|a Enseignants
|x Deontologie
|z France
|v Congres.
|
| 650 |
|
6 |
|a Enseignants
|x Deontologie
|v Congres.
|
| 650 |
|
6 |
|a Éducation
|x Aspect moral
|v Congres.
|
| 650 |
|
0 |
|a Teaching
|x Practice
|v Congresses.
|
| 650 |
|
0 |
|a Teachers
|x Professional ethics
|z Quebec (Province)
|v Congresses.
|
| 650 |
|
0 |
|a Teachers
|x Professional ethics
|z France
|v Congresses.
|
| 650 |
|
0 |
|a Teachers
|x Professional ethics
|v Congresses.
|
| 650 |
|
0 |
|a Education
|x Moral and ethical aspects
|v Congresses.
|
| 651 |
|
7 |
|a Quebec (Province)
|2 rasuqam
|
| 651 |
|
7 |
|a France.
|2 rasuqam
|
| 651 |
|
7 |
|a Quebec.
|2 fast
|0 (OCoLC)fst01207316
|
| 651 |
|
7 |
|a France.
|2 fast
|0 (OCoLC)fst01204289
|
| 655 |
|
7 |
|a Conference papers and proceedings.
|2 fast
|0 (OCoLC)fst01423772
|
| 655 |
|
6 |
|a Livres electronique.
|
| 655 |
|
7 |
|a Electronic books.
|2 local
|
| 700 |
1 |
|
|a Jutras, France,
|d 1955-
|
| 700 |
1 |
|
|a Gohier, Christiane,
|d 1952-
|
| 710 |
2 |
|
|a Reseau international de recherche en education et formation.
|
| 710 |
2 |
|
|a Project Muse.
|e distributor
|
| 830 |
|
0 |
|a Book collections on Project MUSE.
|
| 856 |
4 |
0 |
|z Texto completo
|u https://projectmuse.uam.elogim.com/book/20147/
|
| 945 |
|
|
|a Project MUSE - Custom Collection
|
| 945 |
|
|
|a Project MUSE - Archive Complete Supplement
|